Plánování investic a vědeckotechnického rozvoje vybrané kapitoly

Salvato in:
Dettagli Bibliografici
Autore principale: Šrein, Zdeněk
Ente Autore: Vysoká škola ekonomická v Praze. Národohospodářská fakulta
Altri autori: Šauer, Petr
Natura: Libro
Lingua:ceco
Pubblicazione: Praha Státní pedagogické nakladatelství 1984
Tags: Aggiungi Tag
Nessun Tag, puoi essere il primo ad aggiungerne!!

MARC

LEADER 00000nam a2200000 4500
001 c107158
005 20190425093314.2
041 0 |a cze 
044 |a CZ 
245 1 0 |a Plánování investic a vědeckotechnického rozvoje  |b vybrané kapitoly  |c Zdeněk Šrein, Petr Šauer 
264 1 |a Praha  |b Státní pedagogické nakladatelství  |c 1984 
300 |a 187 s. 
100 1 |a Šrein, Zdeněk 
700 1 |a Šauer, Petr 
710 2 |a Vysoká škola ekonomická v Praze. Národohospodářská fakulta